000 00286nam a22001217a 4500
008 171228b xxu||||| |||| 00| 0 eng d
041 _aeng
080 _a721
100 _a41
101 _aND
245 _aSMALL KITCHEN MAKING EVERY INCH COUNT
_cROBIN.M
942 _2udc
_cBK
999 _c39528
_d39528